| 000 | 02104cam a22005294i 4500 | ||
|---|---|---|---|
| 003 | PE-LiUPU | ||
| 005 | 20250731172755.0 | ||
| 008 | 150617s r 000 0 d | ||
| 020 | _a0060637951 | ||
| 035 | _a(Sirsi) i9780060637958 | ||
| 040 |
_aPE-LiUPU _bspa _cPE-LiUPU _erda |
||
| 049 | _aPRUA | ||
| 082 | 0 | 4 |
_a230.2 _bH443n _223 |
| 100 | 1 |
_aHebblethwaite, Peter, _eautor. |
|
| 245 | 1 | 4 |
_aThe New inquisition? : _cPeter Hebblethwaite. _bThe case of Edward Schillebeeckx and Hans Küng / |
| 264 | 1 |
_aSan Francisco : _bHarper Row, Publishers, _c1980. |
|
| 300 |
_a173 páginas ; _c21 centímetros. |
||
| 336 |
_atext _2rdacontent |
||
| 337 |
_aunmediated _2rdamedia |
||
| 338 |
_avolume _2rdacarrier |
||
| 505 | 0 | _aPreface: Storm over schillebeeckx -- Dialogue of the Deaf -- And then there was Kung. Apendices: Schibeeckxs Written Clarification -- Declaration of the congration -- Declaration of the German Bishops conference -- Hans Kung's Appeal Statement -- Declaration of the Holy Se. | |
| 526 | _aSEG42 | ||
| 526 | _aSEG41 | ||
| 526 | _aSEG40 | ||
| 526 | _aSEG39 | ||
| 526 | _aP94 | ||
| 526 | _aP87 | ||
| 526 | _aP86 | ||
| 526 | _aP85 | ||
| 526 | _aP77 | ||
| 526 | _aP76 | ||
| 526 | _aP35 | ||
| 600 | 1 | 4 |
_aSchillebeeckx, Edward Cornelis Florentinus Alfons _d1914- _93780 |
| 600 | 2 | 4 |
_aKüng, Hans _d1928- _93781 |
| 600 | 2 | 4 |
_aJuan Pablo II _cPapa _d1920-2005 _93782 |
| 650 | 0 | 4 |
_aIGLESIA CATOLICA _xHISTORIA. |
| 650 | 0 | 4 | _aINQUISICION. |
| 910 | _ajck | ||
| 942 |
_2ddc _cBK |
||
| 949 |
_a230.2 H32 _wDEWEY _c1 _i26409 _lCCODEBUL1 _mBUL _r0 _sY _tBOOK _u2015-6-17 _xTEOLOGIA _0COMPRA _o.STAFF. Colección general |
||
| 949 |
_a230.2 H32 _wDEWEY _c2 _i26411 _lCCODEBUL1 _mBUL _r0 _sY _tBOOK _u2015-6-17 _xTEOLOGIA _0COMPRA _o.STAFF. Colección general |
||
| 949 |
_a230.2 H32 _wDEWEY _c3 _i26410 _lCCODEBUL1 _mBUL _r0 _sY _tBOOK _u2015-6-17 _xTEOLOGIA _0COMPRA _o.STAFF. Colección general |
||
| 999 |
_c3036 _d3036 |
||
| 980 |
_81 _gALBERTO SANCHEZ Responsable de Automatización |
||